LEADER 00704nas a2200205 i 4500 001 000000237263 003 CaOOAMICUS 005 20141222000000.0 008 141222b1983 it uu u0 0ita r 013 $a216168 040 $aSeMil$bita 245 10$a1983 :$bottobre. 260 $aBrescia :$bQueriniana,$c1983. 300 $a104 p. ;$c22 cm. 773 0 $tServizio della Parola.$dBrescia : Queriniana, 1968.$w()3162 774 0 $t[SENZA TITOLO].$w()283254 850 $aSeMil 852 $aSeMil$W1$xVenegono$y1$m40 6 153$j187609$B187609$CSeMilBibl$Z2$F198521 $85 996 $6245$a1983 :$bottobre$9(OLS)http://semarc/title/338177 996 $6260$aBrescia :$bQueriniana$9(OLS)http://semarc/publisher/29615 LEADER 01344nam a2200277 i 4500 001 000000115327 003 CaOOAMICUS 005 20030520000000.0 008 030520s2000 it u000 u ita u 013 $a88016 040 $aSeMil$bita 240 00$aBibbia. Nuovo Testamento. Apocalisse.$0(OLS)http://semarc/title/46959 245 12$aL'Apucalessa 'd Zvān /$cvolgarizzata in dialetto bolognese da Pietro Milizia ; presentazione di mons. Giuseppe Stanzani ; illustrazioni di Albrecht Dürer. 260 $aBologna :$bDehoniana Libri,$ccopyr. 2000. 300 $a117 p. :$bill. ;$c24 cm. 500 $aContiene : Testo italiano a fronte. - In preliminari : Dedica autografa del Curatore. - Fondo Card. C.M. Martini. 650 4$aBibbia - NT - Apocalisse - Dialetto bolognese.$0(OLS)http://semarc/subject/21096 700 1 $aMilizia, Pietro.$0(OLS)http://semarc/name/48165 700 1 $aDürer, Albrecht <1471-1528>.$0(OLS)http://semarc/name/48167 700 1 $aStanzani, Giuseppe.$0(OLS)http://semarc/name/48166 850 $aSeMil 852 $aSeMil$W1$xVenegono$y1$m2W IV 76$j70855$B70855$CSeMilBibl$Z2$F102253 $81 941 1 $a4 961 $aOmaggio: Martini Card. Carlo Maria 996 $6245$aL'Apucalessa 'd Zvān$9(OLS)http://semarc/title/168883 996 $6260$aBologna :$bDehoniana Libri$9(OLS)http://semarc/publisher/37286